000 00500nam a2200193Ia 4500
003 OSt
005 20221007082743.0
006 a|||||r|||| 00| 0
007 ta
008 221006b |||||||| |||| 00| 0 eng d
024 _a22,977
037 _cDissertations
040 _aFLL
_cFLL
_beng
041 _2eng
_aeng
100 _aKaushal Vandana
_9699413
245 0 _aRecent trends in state immunity
_b a perspective
942 _cDIS
_2CC
999 _c1167620
_d1167620